| Поле | Инд. | ПП | Название | Значение |
|---|---|---|---|---|
| Тип записи | a | |||
| Библиографический уровень | m | |||
| 001 | Контрольный номер | 127393818 | ||
| 005 | Дата корректировки | 20260127122855.5 | ||
| 020 | a | ISBN | 5-7422-0258-1 | |
| c | Цена, тираж | 159 р. 50 к. | ||
| 080 | a | Индекс УДК | 532(075.8) | |
| 080 | a | Индекс УДК | 533(075.8) | |
| 090 | a | Полочн. индекс | 532 | |
| x | Авторский знак | Г 51 | ||
| 097 | b | Оператор | *Ч* | |
| b | Оператор | *Фа* | ||
| b | Оператор | *Вин* | ||
| 100 | 1_ | a | Автор | Гиргидов А.Д. |
| 245 | 00 | a | Заглавие | Механика жидкости и газа (гидравлика) |
| b | Продолж. заглавия | учебник для вузов по напр. подготовки бакалавров "Технические науки" и направления подготовки дипломированных специалистов "Техника и технология | ||
| b | Продолж. заглавия | в составе учебно-методического комплекса | ||
| c | Ответственность | Санкт-Петербургский государственный политехнический университет | ||
| 260 | 00 | a | Место издания | СПб. |
| b | Издательство | Санкт-Петербургский гос. политехнический ун-т | ||
| c | Дата издания | 2002 | ||
| 300 | a | Объем | 544 с. | |
| b | Иллюстрации/ тип воспроизводства | ил. | ||
| 440 | _0 | a | Серия | УМК-У |
| 516 | 8_ | a | Прим. о типе комп. файла/ данных | Текст : непосредственный |
| 583 | a | Действие | Приписка : УМК | |
| a | Действие | Перевод | ||
| 653 | 0_ | a | Ключевые слова | Водосливы |
| a | Ключевые слова | Гидравлика | ||
| a | Ключевые слова | Гидростатистика | ||
| a | Ключевые слова | Кинематика текучего тела | ||
| a | Ключевые слова | Механика жидкости | ||
| a | Ключевые слова | Напорное движение | ||
| a | Ключевые слова | Решение одномерных задач | ||
| a | Ключевые слова | Статика текучего тела | ||
| a | Ключевые слова | Турбулентность | ||
| a | Ключевые слова | Физические свойства текучих тел | ||
| 655 | a | Жанр/ форма (устаревшее) | У | |
| 773 | 18 | w | Контрольный № источника | 116919 |
| 901 | t | Тип документа | m | |
| 905 | a | Дата создания записи | 22.01.04 | |
| c | Дата приписки | 24.10.25 | ||
| d | Дата перевода | 27.01.26 | ||
| 952 | b | Гриф литературы для ВШ | Гриф | |
| a | Тип литературы для КСУ ВШ | У1 | ||
| 952 | e | Факультет | *ФПИЭ* | |
| e | Факультет | *МСФ* | ||
| 990 | c | Приоритет заказа (DOS) | о | |
| h | N записи в КСУ для Б/У (DOS) | 8/2004 | ||
| h | N записи в КСУ для Б/У (DOS) | 1000/2015 | ||
| f | Даты поступлений (DOS) | 14.01.04 | ||
| g | Размещение заказа (DOS) | Изд-во СПбГУ | ||
| j | Количество экземпляров (DOS) | 15 | ||
| n | Номер УК (DOS) | Уч. карт. № 6245 - 12 |